[Event "Regionalliga NO 0405"]
[Site "Bayern"]
[Date "2005.04.10"]
[Round "9.3"]
[White "Hlavac, Rudolf"]
[Black "Frei, Andreas"]
[Result "1/2-1/2"]
[WhiteElo "2104"]
[BlackElo "2001"]
[PlyCount "120"]
[EventDate "2004.10.24"]
[EventType "team-tourn"]
[EventRounds "9"]
[EventCountry "GER"]
[SourceTitle "EXT 2007"]
[Source "ChessBase"]
[SourceDate "2006.11.23"]
[SourceVersion "1"]
[SourceVersionDate "2006.11.23"]
[SourceQuality "1"]
[WhiteTeam "Weiden"]
[BlackTeam "Regensburg Fortuna III"]
[WhiteTeamCountry "GER"]
[BlackTeamCountry "GER"]

1. e4 e5 2. Nf3 Nc6 3. Bb5 f5 4. Nc3 Nd4 5. exf5 Nxb5 6. Nxb5 d6 7. d4 e4 8. Nh4 Nf6 9. Bg5 Be7 10. Qe2 d5 11. 0-0-0 0-0 12. g4 c6 13. Nc3 b5 14. Kb1 b4 15. Na4 Qa5 16. Nc5 Bxc5 17. Bxf6 Rxf6 18. dxc5 Qxc5 19. Rhg1 Rf8 20. Rg3 a5 21. Qd2 Qe7 22. Rh3 Qe5 23. Ng2 Rb8 24. Qg5 a4 25. Qh4 h6 26. Qg3 Qxg3 27. Rxg3 Rb7 28. Nf4 Re8 29. Re3 Kf7 30. Rd4 Bd7 31. Kc1 Reb8 32. Ng6 Be8 33. Nf4 b3 34. cxb3 axb3 35. a3 Bd7 36. Rc3 Kf6 37. Ra4 Ke5 38. Ng6+ Kf6 39. Ra6 Rb6 40. Ra7 R6b7 41. Rxb7 Rxb7 42. Nf8 Ke7 43. Ng6+ Kd6 44. h3 d4 45. Rc4 c5 46. Kd2 Bb5 47. Rc1 Rc7 48. Re1 Bc6 49. Nf4 Bd5 50. Ne2 Ke5 51. Rg1 Bb7 52. Rg3 Ba6 53. Rxb3 Bc4 54. Rb8 Bd5 55. Re8+ Kd6 56. Rd8+ Ke5 57. Rb8 Bf7 58. Rb5 Be8 59. Rb6 Bc6 60. b3 Bd5 1/2-1/2